| 000 -LEADER |
| fixed length control field |
00561pam a2200181 a 4500 |
| 020 ## - INTERNATIONAL STANDARD BOOK NUMBER |
| ISBN |
0521380308 |
| 040 ## - CATALOGING SOURCE |
| Transcribing agency |
DLC |
| 082 00 - DEWEY DECIMAL CLASSIFICATION NUMBER |
| Classification number |
633 CAM 1991 A052 Or. |
| 100 1# - MAIN ENTRY--AUTHOR NAME |
| Personal name |
Humphreys, L. R. |
| 245 10 - TITLE STATEMENT |
| Title |
Tropical pasture utilisation / |
| 260 ## - PUBLICATION, DISTRIBUTION, ETC. (IMPRINT) |
| Place of publication |
Cambridge [England] ; |
| -- |
New York : |
| Name of publisher |
Cambridge University Press, |
| Year of publication |
1991. |
| 300 ## - PHYSICAL DESCRIPTION |
| Number of Pages |
ix, 206 p. : |
| Other physical details |
ill. ; |
| Dimensions |
26 cm. |
| 650 #0 - SUBJECT ADDED ENTRY--TOPICAL TERM |
| Topical Term |
Pastures |
| 650 #0 - SUBJECT ADDED ENTRY--TOPICAL TERM |
| Topical Term |
Grazing |
| 856 42 - ELECTRONIC LOCATION AND ACCESS |
| Uniform Resource Identifier |
http://www.loc.gov/catdir/description/cam024/90042849.html |
| 856 41 - ELECTRONIC LOCATION AND ACCESS |
| Uniform Resource Identifier |
http://www.loc.gov/catdir/toc/cam029/90042849.html |
| 942 ## - ADDED ENTRY ELEMENTS (KOHA) |
| Koha item type |
សៀវភៅភាសាអង់គ្លេស |
| 952 ## - LOCATION AND ITEM INFORMATION (KOHA) |
| Withdrawn status [LOCAL, KOHA] |
0 |